Guess the anime by the main character - Statistics

General Stats
  • This quiz has been taken 329 times
  • The average score is 10 of 13
Answer Stats
Picture Answer % Correct
Demon slayer / Kimetsu no Yaiba
99%
Attack on titan / Shingeki no Kyojin
97%
Death Note
97%
My Hero Academia
85%
Jujutsu Kaisen
83%
Hunter x Hunter
82%
Blue Lock
78%
Haikyuu
78%
Tokyo Ghoul
69%
Kakegurui
59%
Hajime no Ippo
50%
Wind Breaker
43%
Bungou Stray Dogs
39%
No matching quizzes found
Score Distribution
Percent of People with Each Score
Percentile by Number Answered
Your Score History
You have not taken this quiz